Great expectations / (Record no. 7248)
[ view plain ]
| 000 -LEADER | |
|---|---|
| fixed length control field | 00946cam a22003018a 4500 |
| 001 - CONTROL NUMBER | |
| JCCL Control Number | 7248 |
| 003 - CONTROL NUMBER IDENTIFIER | |
| JCCL marc code | BD - Jhcc |
| 005 - DATE AND TIME OF LATEST TRANSACTION | |
| control field | 20180422083945.0 |
| 008 - FIXED-LENGTH DATA ELEMENTS--GENERAL INFORMATION | |
| fixed length control field | 990222t19991993enk 000 1 eng d |
| 020 ## - INTERNATIONAL STANDARD BOOK NUMBER | |
| International Standard Book Number | 0192100343 |
| 035 ## - SYSTEM CONTROL NUMBER | |
| system control number | MITb10915173 |
| 035 ## - SYSTEM CONTROL NUMBER | |
| system control number | (BD - Jhcc)7248 |
| 040 ## - CATALOGING SOURCE | |
| Original cataloging agency | UKM |
| Transcribing agency | UKM |
| Modifying agency | LDL |
| -- | MYG |
| -- | BD - Jhcc |
| 041 ## - LANGUAGE CODE | |
| Language code of Book | eng |
| 082 04 - DEWEY DECIMAL CLASSIFICATION NUMBER | |
| Classification number | 823.8 |
| DDC Edition number | 21 |
| Author mark and Year | DIC 1999 |
| 090 ## - LOCALLY ASSIGNED LC-TYPE CALL NUMBER (OCLC); LOCAL CALL NUMBER (OCLC) | |
| Classification number (OCLC) (R) ; Classification number, CALL (RLIN) (NR) | PR4560 |
| Local cutter number (OCLC) ; Book number/undivided call number, CALL (RLIN) | .A1 1999b |
| 100 1# - MAIN ENTRY--PERSONAL NAME | |
| Personal name | Dickens, Charles, |
| Dates associated with a name | 1812-1870. |
| 245 10 - TITLE STATEMENT | |
| Title | Great expectations / |
| Statement of responsibility, etc | Charles Dickens ; with an introduction by Eileen Green |
| 260 ## - PUBLICATION, DISTRIBUTION, ETC. (IMPRINT) | |
| Place of publication, distribution, etc | Oxford ; |
| -- | New York : |
| Name of publisher, distributor, etc | Oxford University Press, |
| Date of publication, distribution, etc | 1999, c1993 |
| 300 ## - PHYSICAL DESCRIPTION | |
| Pagination | x, 519 p. ; |
| Dimensions | 17 cm. |
| 490 1# - SERIES STATEMENT | |
| Series statement | Oxford world's classics ; |
| Volume number/sequential designation | 10 |
| 651 #0 - SUBJECT ADDED ENTRY--GEOGRAPHIC NAME | |
| Geographic name | England |
| General subdivision | Social conditions |
| Chronological subdivision | 19th century |
| Form subdivision | Fiction. |
| 700 1# - ADDED ENTRY--PERSONAL NAME | |
| Personal name | Green, Eileen |
| 830 #0 - SERIES ADDED ENTRY--UNIFORM TITLE | |
| Uniform title | Oxford world's classics (Oxford University Press) ; |
| Volume number/sequential designation | 10. |
| 942 ## - ADDED ENTRY ELEMENTS (KOHA) | |
| Source of classification or shelving scheme | Dewey Decimal Classification |
| Koha item type | Books |
| 949 ## - LOCAL PROCESSING INFORMATION (OCLC) | |
| a | h |
| p | 39080015952812 |
| Source of classification or shelving scheme | Damaged status | Not for loan | Home library | Current library | Shelving location | Total Checkouts | Full call number | Barcode | Date last seen | Copy number | Koha item type |
|---|---|---|---|---|---|---|---|---|---|---|---|
| Dewey Decimal Classification | JCC Rouf Library | JCC Rouf Library | General Stacks | 823.8 DIC 1999 | 9817 | 02/06/2018 | C - 1 | Books |